01164cam a22003614i 4500003000900000005001700009008004100026020001500067040003300082082002200115100002900137245006800166264004000234300003900274336002100313337002500334338002300359504002800382505022200410526001000632526001000642526001000652526001000662526000800672526000800680526000800688526000800696526000800704526000800712526000800720630003700728630003700765PE-LiUPU20250731173525.0150616s r 000 0 d a0805413251 aPE-LiUPUbspacPE-LiUPUerda04a225.95bC357h2231 aCate, Robert L.,eautor.12aA History of the New Testament and Its Times /cRobert L. Cate. 1aTennessee :bBroadman Press,c1991. a347 páginas ;c24 centímetros. atext2rdacontent aunmediated2rdamedia avolume2rdacarrier aIncluye bibliografía.0 aThe world itself could not contain the books.- At sundry times.- The word became flesh.- Witness in Jerusalem, all Judea, and Samaria.- Witnesses to the end of the earth.- Conclusion: the lord God omnipotent reigneth. aSEG42 aSEG41 aSEG40 aSEG39 aP94 aP87 aP86 aP85 aP77 aP76 aP35 aBiblia.pN.T.xHistoria antigua. aBiblia.pN.T.xHistoria moderna.